Culture Générale - Clic Quiz - La réponse est un bâtiment - Statistiques

Statistiques générales
  • Ce quiz a été pris 220 fois
  • Le résultat moyen est 19 sur 34
Statistiques - réponses
Hint Réponse % Correct
Compléte le nom du film réalisé par Cédric Klapisch sorti en 2002 : ".. _________ espagnole" Auberge
89%
Haut fonctionnaire et résistant français (1899-1943) : Jean _________ Moulin
89%
Désigné comme le « septième art » Cinéma
88%
Il y en a 4 sur un plateau de Monopoly traditionnel Gare
88%
Parmi les plus célèbres dans la fiction, il y a Azkaban dans la saga Harry Potter et La Voûte dans l'univers Marvel Prison
87%
Compléte le nom de la chanson issue d'une comédie musicale datant de 1998 interprétée par Bruno Pelletier : "Le Temps des __________s" Cathédrale
86%
Partie supérieure de la cavité buccale Palais
83%
Abrite une meute de chiens de chasse Chenil
82%
Compléte le nom d'une émission de télé réalité française diffusée à partir de 2015 : .. _________ des cœurs brisés Villa
81%
Endroit où l'on garde et on élève des petits animaux vivants en tentant de reconstituer leur milieu naturel ou biotope Vivarium
76%
Navigateur web gratuit qui totalise environ 1,9 % de parts de marché et environ 2,3 % sur les mobiles (en mars 2021) Opera
74%
Compléte le nom de l'émission de téléréalité française, diffusée sur TF1 de 2004 à 2010 : ".. _________ Célébrités" Ferme
70%
Technique offensive dans un sport de combat ou un sport collectif de ballon Pressing
70%
Compléte le nom d'une résidence d'État utilisée comme lieu officiel de villégiature (principalement estivale) du président de la République française : __________de Brégançon Fort
65%
Nom du film américain réalisé par Martin Scorsese et sorti en 1995 avec Robert De Niro, Joe Pesci et Sharon Stone Casino
63%
Dans les comics américain, résidence personnelle de Bruce Wayne, l'identité secrète de Batman : .. ________ Wayne Manoir
63%
En démonstration aux Jeux olympiques d'été de 1988 de Séoul Bowling
57%
Compléte le nom de ce tube de l'été 1986, chanson synthpop française de Philippe Cataldo : Les Divas .. _________ Dancing
50%
Endroit où Billy Hayes est arrêté avec deux kilogrammes de haschich dans le film Midnight Express de 1978 Aéroport
49%
Complète le nom du Lieu Incontournable et court moment de répit situé dans l'ascension du Mont Ventoux : .. _________Reynard Chalet
48%
Skieur français double champion du monde de slalom en 2011 et 2015 : Jean-Baptiste _________ Grange
48%
Les astronautes de l'ISS viennent s'y entraîner pour effectuer différentes missions reproduites dans l'espace. Conditions qui offrent un effet similaire (mais pas égal) à l'absence de gravité dans l'espace Piscine
45%
Désignait initialement une tente militaire médiévale Pavillon
44%
Partie d'une arme à feu où les cartouches sont stockées avant d'être chambrées puis percutées Magasin
43%
Chanson du groupe Bérurier Noir sortie en 1985. Elle dresse un portrait critique du monde et un discours hostile au capitalisme, à la répression politique et à l'"extrême droite".. Porcherie
40%
Compléte le Surnom du stade d'Old Trafford du club de Manchester United : .. ________ des rêves Théâtre
33%
Association française de la mouvance identitaire fondée en 2013 et dissoute en 2024, qui disposait notamment d'un local associatif du même nom fondé à Lille en 2015 : .. _________ Citadelle
31%
Genres de musiques (rock agressif, house, musique électronique) apparues aux États-Unis et en Grande-Bretagne de 1960 à 1990 Garage
30%
Personnage de fiction de l'univers de Marvel Comics travaillant dans le milieu médical interprété par Rosario Dawson dans 5 séries TV différentes des années 2010 : Claire _______ Temple
30%
Au curling, c'est la cible circulaire dessinée sur la glace sur laquelle les joueurs doivent placer les pierres le plus près possible Maison
29%
Plus grosse veine superficielle du membre supérieur qui permet de drainer certaines parties de la main et de l'avant- bras : la veine _________ Basilique
18%
Compléte le nom d'un des plus grands festivals de metal en Scandinavie : ________ Open Air Metal Festival Sauna
17%
Commune située dans les Deux-Sèvres en région Nouvelle-Aquitaine de 5 732 hab. (9e du département en 2021) : .. __________ Crèche
14%
Ville située entre Hambourg et Cuxhaven en Allemagne de 48 353 habitants en 2022 Stade
8%
Aucun quiz correspondant
Distribution des résultats
% des personnes avec chaque résultat
Percentile par nombre de réponses
Votre historique - résultats
Vous n’avez pas pris ce quiz